|
|
|
|
| LEADER |
00000cam a2200000 7i4500 |
| 001 |
0000007474 |
| 005 |
20151222.0 |
| 008 |
070903 |
| 020 |
|
|
|a 9832031974
|
| 090 |
0 |
0 |
|a COM
|b MAL
|
| 100 |
0 |
|
|a Iskandar Ab Rashid
|
| 245 |
1 |
0 |
|a Bergembira dengan persembahan
|c Iskandar Ab Rashid;Zaitun Ismail
|
| 260 |
|
|
|a Selangor :
|b Venton Publishing ,
|c 2004
|
| 440 |
|
|
|a Siri ICT Sekolah Rendah
|
| 500 |
|
|
|a Children ages 10-12 years old (pink)
|
| 650 |
|
0 |
|a Computer
|
| 650 |
|
0 |
|a Science
|
| 700 |
0 |
|
|a Zaitun Ismail
|
| 999 |
|
|
|a 0000984010
|b Book
|c REFERENCE
|e Cawangan Taman Universiti
|
| 999 |
|
|
|a 0000984013
|b Book
|c REFERENCE
|e Cawangan Taman Universiti
|
| 999 |
|
|
|a 0001143887
|b Book
|c Children Collection
|e Cawangan Pontian
|
| 999 |
|
|
|a 0001143888
|b Book
|c Children Collection
|e Cawangan Tmn. Ungku Tun Aminah
|
| 999 |
|
|
|a 0001143889
|b Book
|c REFERENCE
|e Cawangan Bandar Penawar
|
| 999 |
|
|
|a 0001143890
|b Book
|c Children Collection
|e Cawangan Bukit Gambir
|
| 999 |
|
|
|a 0001143891
|b Book
|c Children Collection
|e Cawangan Tangkak
|
| 999 |
|
|
|a 0001143892
|b Book
|c REFERENCE
|e Cawangan Bandar Tenggara
|